000
00202 a2200097 4500
001
6104
100
_a
Kalam, A
245
_a
Tarjuman ul Quraan.
260
_a
_b
Maqtaba-e-Saeed
_c
090
_c
5002
_d
5002
942
_a
NUST-CAE
_c
M
_c
31382
999
_c
241177
_d
241177